| 000 | 01368cam a2200385 a 4500 | ||
|---|---|---|---|
| 001 | 3071252 | ||
| 003 | OSt | ||
| 005 | 20140310184522.0 | ||
| 008 | 970610s1998 nyua b 000 1 eng | ||
| 010 | _a 97025417 | ||
| 020 | _a0439216796 | ||
| 040 |
_aDLC _cDLC _dDLC |
||
| 042 | _alcac | ||
| 050 | 0 | 0 |
_aPZ 7 _b.C9415Bat 2000 |
| 100 | 1 |
_aCurtis, Gavin. _929820 |
|
| 245 | 1 | 4 |
_aThe bat boy & his violin / _cGavin Curtis ; illustrated by E.B. Lewis. |
| 250 | _a1st ed. | ||
| 260 |
_aNew York : _bSimon & Schuster Books for Young Readers, _c2000. |
||
| 300 |
_a1 v. (unpaged) : _bcol. ill. ; _c22 x 26 cm. |
||
| 521 | _aG5 | ||
| 526 | _c700 | ||
| 650 | 1 |
_aViolin _vFiction. _929821 |
|
| 650 | 1 |
_aNegro Leagues _vFiction. _929822 |
|
| 650 | 1 |
_aBaseball _vFiction. _929823 |
|
| 650 | 1 |
_aFathers and sons _vFiction. _929824 |
|
| 650 | 1 |
_aAfrican Americans _vFiction. _929825 |
|
| 700 | 1 |
_aLewis, Earl B., _eill. _929826 |
|
| 856 | 4 | 2 |
_3Contributor biographical information _uhttp://www.loc.gov/catdir/bios/simon051/97025417.html |
| 856 | 4 | 2 |
_3Publisher description _uhttp://www.loc.gov/catdir/description/simon033/97025417.html |
| 906 |
_a7 _bcbu _corignew _d1 _eocip _f19 _gy-gencatlg |
||
| 942 |
_2lcc _cSCH |
||
| 999 |
_c35038 _d35038 |
||